000 00373nam a22001697a 4500
005 20160627155903.0
008 160627b xxu||||| |||| 00| 0 eng d
020 _a81-7693-099-7
041 _aeng
082 _b10523
100 _aKapoor, Jagdeep
_91508
245 _aBrand Namkaran
260 _bBPI
_c2002
300 _a101
650 _aManagement
_9241
942 _cBK
999 _c4314
_d4313